Statistics for First Five World Capitals Alphabetically by Continent

Click here to take the quiz!

General Stats

  • This quiz has been taken 8,131 times
    (5,878 since last reset)
  • The average score is 16 of 30

Answer Stats

ContinentCountry% Correct
South AmericaBrasília
84%
OceaniaCanberra
78%
South AmericaBuenos Aires
76%
South AmericaBogotá
74%
EuropeAndorra la Vella
70%
EuropeAmsterdam
69%
South AmericaAsunción
68%
South AmericaCaracas
67%
EuropeBerlin
64%
AfricaAlgiers
63%
EuropeAthens
63%
AsiaAnkara
57%
AfricaAbuja
56%
AfricaAccra
56%
AfricaAddis Ababa
56%
OceaniaApia
51%
AsiaAmman
50%
North AmericaBelmopan
50%
AfricaAntananarivo
45%
EuropeBelgrade
45%
AsiaAbu Dhabi
43%
AsiaAshgabat
41%
North AmericaBridgetown
41%
North AmericaCastries
35%
OceaniaFunafuti
35%
North AmericaGuatemala City
32%
OceaniaHoniara
32%
North AmericaBasseterre
31%
AsiaBaghdad
29%
OceaniaMajuro
23%

Score Distribution

Percentile by Number Answered

Percent of People with Each Score

Your Score History

You have not taken this quiz since the last reset